<?xml version="1.0" encoding="UTF-8"?>
<marc:record xmlns:marc="http://www.loc.gov/MARC21/slim">
   <marc:leader>00000nam a2200000 a 4500</marc:leader>
   <marc:datafield ind1="1" ind2=" " tag="100">
      <marc:subfield code="a">Donaldson, Julia</marc:subfield>
      <marc:subfield code="4">aut</marc:subfield>
      <marc:subfield code="e">Verfasser/-in</marc:subfield>
   </marc:datafield>
   <marc:datafield ind1="0" ind2="0" tag="245">
      <marc:subfield code="a">Das Riesenmädchen und die Minipopps</marc:subfield>
   </marc:datafield>
   <marc:datafield ind1="0" ind2="0" tag="245">
      <marc:subfield code="b">Roman für Kinder</marc:subfield>
   </marc:datafield>
   <marc:datafield ind1="0" ind2="0" tag="245">
      <marc:subfield code="c">Julia Donaldson. Aus dem Engl. von Mirjam Pressler. Mit Bildern von Axel Scheffler</marc:subfield>
   </marc:datafield>
   <marc:datafield ind1=" " ind2="1" tag="264">
      <marc:subfield code="a">Weinheim</marc:subfield>
      <marc:subfield code="b">Beltz und Gelberg</marc:subfield>
      <marc:subfield code="c">2006</marc:subfield>
   </marc:datafield>
   <marc:datafield ind1="1" ind2=" " tag="520">
      <marc:subfield code="a">Angaben aus der Verlagsmeldung

Das Riesenmädchen und die Minipopps The Giants and the Joneses / von Julia Donaldson

Eines Tages klettert Megalili, das Riesenmädchen, an der Bohnenranke hinunter auf die Erde und sammelt das lustige und lebendige Spielzeug namens Colette, Stephen und die kleine Schwester Polly ein. Und so beginnt ein wildes und gefährliches Abenteuer ... Ein Kinderroman, den man am besten vorliest, voller Situationskomik und wunderbar sprachwitzig, wie man es von Julia Donaldson kennt! Mit deutsch-magrolonischem Wörterbuch und vielen Zeichnungen von Axel Scheffler. Riesen glauben nicht an Minipopps. Und Minipopps glauben nicht an Riesen. Doch es gibt sie: Megalili, das Mädchen aus dem Riesenland hoch über den Wolken, ist an einer Bohnenranke in die Welt der Minipopps hinuntergeklettert. Dort hat sie lauter süßes Spielzeug für ihr Puppenhaus entdeckt, in ihre Tasche gesteckt und mitgenommen. Man könnte auch sagen, sie hat Colette, Stephen und die Babyschwester Polly entführt. Aber die Jones-Kinder wollen kein lebendiges Spielzeug sein. Doch wie entkommt man aus einem Haus, wo schon eine Treppenstufe ein unüberwindliches Hindernis darstellt; wo es zweitens eine Riesenkatze gibt; und wo drittens Megalilis fieser Bruder miese Spiele mit den Minipopps treibt? Wer das für ein harmloses Abenteuer hält, täuscht sich. Erst nach vielen Tagen und vielen Gefahren gelingt den Kindern die Flucht - und dann ist leider die rettende Bohnenranke verschwunden... Doch keine Sorge, dieser Roman für Kinder enthält nicht nur Nervenkitzel und einen Schuss schwarzen Humor, sondern natürlich auch ein glückliches Ende. Und es wird alles olli rolli - das ist magrolonisch und heißt „alles wird gut". „Eine aufregende Geschichte, die gleichzeitig erzählt, wie wichtig Respekt und das Zusammenhalten sind." Lincoln Elementary Schools
</marc:subfield>
   </marc:datafield>
   <marc:datafield ind1=" " ind2=" " tag="020">
      <marc:subfield code="a">9783407799104</marc:subfield>
      <marc:subfield code="9">9783407799104</marc:subfield>
   </marc:datafield>
   <marc:datafield ind1=" " ind2=" " tag="020">
      <marc:subfield code="a">3407799101</marc:subfield>
      <marc:subfield code="9">3407799101</marc:subfield>
   </marc:datafield>
   <marc:datafield ind1=" " ind2=" " tag="041">
      <marc:subfield code="a">ger</marc:subfield>
   </marc:datafield>
   <marc:datafield ind1=" " ind2=" " tag="300">
      <marc:subfield code="a">223 S.</marc:subfield>
   </marc:datafield>
</marc:record>
